Nationalitäten, Minderheiten und ethnische Konflikte in Europa: Ursprünge, Entwicklungen, Krisenherde; ein Handbuch
| Main Author: | |
|---|---|
| Format: | Print Book |
| Language: | German |
| Published: |
München
Olzog
1993
|
| In: |
Geschichte und Staat ([298])
Year: 1993 |
| Online Access: |
Table of Contents Table of Contents Rezension (Publisher) |
| Check availability: | HBZ Gateway |
| Subito Delivery Service: | Order now. |
| Keywords: |
MARC
| LEADER | 00000cam a2200000 c 4500 | ||
|---|---|---|---|
| 001 | 273373862 | ||
| 003 | DE-627 | ||
| 005 | 20260206203900.0 | ||
| 007 | tu | ||
| 008 | 931022s1993 gw ||||| 00| ||ger c | ||
| 015 | |a 93,N39,0198 |2 dnb | ||
| 015 | |a 94,A03,0253 |2 dnb | ||
| 016 | 7 | |a 931412307 |2 DE-101 | |
| 020 | |a 3789286400 |9 3-7892-8640-0 | ||
| 035 | |a (DE-627)273373862 | ||
| 035 | |a (DE-603)026375109 | ||
| 035 | |a (DE-576)035683074 | ||
| 035 | |a (DE-599)GBV273373862 | ||
| 035 | |a (OCoLC)243767762 | ||
| 035 | |a (OCoLC)243767762 | ||
| 035 | |a (OCoLC)31226994 | ||
| 035 | |a (DE-615)00765009 | ||
| 035 | |a (DE-H357)his6502 | ||
| 040 | |a DE-627 |b ger |c DE-627 |e rakwb | ||
| 041 | |a ger | ||
| 044 | |c XA-DE | ||
| 082 | 0 | |a 304.609479 |2 DDC23BSB | |
| 082 | 0 | 4 | |a 14 |q dnb |
| 084 | |a Gkl 5 |2 asb | ||
| 084 | |a Gkl 4 |2 asb | ||
| 084 | |a GESCH 193 (78) |a POL 363 |2 sfb | ||
| 084 | |a 16 |a 14 |a 63 |a 61 |2 sdnb | ||
| 084 | |a 16 |a 14 |2 sdnb | ||
| 084 | |a 16 |2 sdnb | ||
| 084 | |a RA |2 fivr | ||
| 084 | |a SG02.03 |2 fivs | ||
| 084 | |a 3,6 |2 ssgn | ||
| 084 | |a MG 11968 |2 rvk |0 (DE-625)rvk/122817:12232 | ||
| 084 | |a MG 10968 |2 rvk |0 (DE-625)rvk/122815:12232 | ||
| 084 | |a PO 2524 |2 rvk |0 (DE-625)rvk/138362:12257 | ||
| 084 | |a MS 3300 |2 rvk |0 (DE-625)rvk/123679: | ||
| 084 | |a 71.62 |2 bkl | ||
| 100 | 1 | |a Boden, Martina |0 (DE-588)170919579 |0 (DE-627)061067377 |0 (DE-576)131758640 |4 aut | |
| 109 | |a Boden, Martina | ||
| 245 | 1 | 0 | |a Nationalitäten, Minderheiten und ethnische Konflikte in Europa |b Ursprünge, Entwicklungen, Krisenherde; ein Handbuch |c Martina Boden |
| 263 | |a kart. : DM 16,80 | ||
| 264 | 1 | |a München |b Olzog |c 1993 | |
| 300 | |a 349 S. |b graph. Darst., Kt. | ||
| 336 | |a Text |b txt |2 rdacontent | ||
| 337 | |a ohne Hilfsmittel zu benutzen |b n |2 rdamedia | ||
| 338 | |a Band |b nc |2 rdacarrier | ||
| 490 | 1 | |a Geschichte und Staat |v [298] | |
| 500 | |a Zählung der Serie ist auf dem Buchrücken und im Buch unterschiedlich ; auf dem Titelblatt steht 296 | ||
| 505 | 8 | |a Literaturverz. S. [328] - 337 | |
| 650 | 0 | |a Nationalities |x Europe |x Handbooks | |
| 650 | 0 | |a Ethnic Relations |x Europe |x Handbooks | |
| 650 | 0 | |a Minorities |x Europe |x Handbooks | |
| 650 | 0 | 7 | |0 (DE-588)4039409-8 |0 (DE-627)104117338 |0 (DE-576)209034890 |a Nationale Minderheit |2 gnd |
| 650 | 0 | 7 | |0 (DE-588)4169999-3 |0 (DE-627)104392975 |0 (DE-576)209926821 |a Minderheitenfrage |2 gnd |
| 650 | 0 | 7 | |0 (DE-588)4041279-9 |0 (DE-627)106219839 |0 (DE-576)209044276 |a Nation |2 gnd |
| 650 | 0 | 7 | |0 (DE-588)4153095-0 |0 (DE-627)104115971 |0 (DE-576)209800658 |a Ethnische Gruppe |2 gnd |
| 650 | 0 | 7 | |0 (DE-588)4752223-9 |0 (DE-627)372513433 |0 (DE-576)216046890 |a Minderheit |2 gnd |
| 650 | 0 | 7 | |0 (DE-588)4169999-3 |0 (DE-627)104392975 |0 (DE-576)209926821 |a Minderheitenfrage |2 gnd |
| 650 | 0 | 7 | |0 (DE-588)4126113-6 |0 (DE-627)105734853 |0 (DE-576)209582367 |a Nationalitätenfrage |2 gnd |
| 650 | 0 | 7 | |0 (DE-588)4170001-6 |0 (DE-627)105405663 |0 (DE-576)209926848 |a Minderheitenpolitik |2 gnd |
| 650 | 0 | 7 | |0 (DE-588)4041303-2 |0 (DE-627)106219731 |0 (DE-576)20904439X |a Nationalitätenpolitik |2 gnd |
| 650 | 0 | 7 | |0 (DE-588)4041282-9 |0 (DE-627)104162430 |0 (DE-576)209044284 |a Nationalbewusstsein |2 gnd |
| 650 | 0 | 7 | |0 (DE-588)4039411-6 |0 (DE-627)106228110 |0 (DE-576)209034912 |a Minderheitenrecht |2 gnd |
| 650 | 0 | 7 | |0 (DE-588)4020517-4 |0 (DE-627)106317768 |0 (DE-576)208933697 |a Geschichte |2 gnd |
| 650 | 4 | |a Minderheit | |
| 650 | 4 | |a Minderheitenfrage | |
| 650 | 4 | |a Minderheit | |
| 650 | 4 | |a Europa | |
| 650 | 4 | |a Minderheitenfrage | |
| 651 | 7 | |0 (DE-588)4015701-5 |0 (DE-627)104289007 |0 (DE-576)208913092 |a Europa |2 gnd | |
| 651 | 7 | |0 (DE-588)4015701-5 |0 (DE-627)104289007 |0 (DE-576)208913092 |a Europa |2 gnd | |
| 651 | 7 | |0 (DE-588)4015701-5 |0 (DE-627)104289007 |0 (DE-576)208913092 |a Europa |2 gnd | |
| 655 | 7 | |a Wörterbuch |0 (DE-588)4066724-8 |0 (DE-627)104682620 |0 (DE-576)209166061 |2 gnd-content | |
| 689 | 0 | 0 | |d g |0 (DE-588)4015701-5 |0 (DE-627)104289007 |0 (DE-576)208913092 |a Europa |2 gnd |
| 689 | 0 | 1 | |d s |0 (DE-588)4039409-8 |0 (DE-627)104117338 |0 (DE-576)209034890 |a Nationale Minderheit |2 gnd |
| 689 | 0 | |5 DE-101 | |
| 689 | 1 | 0 | |d g |0 (DE-588)4015701-5 |0 (DE-627)104289007 |0 (DE-576)208913092 |a Europa |2 gnd |
| 689 | 1 | 1 | |d s |0 (DE-588)4169999-3 |0 (DE-627)104392975 |0 (DE-576)209926821 |a Minderheitenfrage |2 gnd |
| 689 | 1 | |5 DE-101 | |
| 787 | 0 | 8 | |i Rezensiert in |w (DE-603)394749138 |
| 830 | 0 | |a Geschichte und Staat |v [298] |9 298 |w (DE-627)130283010 |w (DE-576)000903205 |w (DE-600)569875-3 |7 am | |
| 856 | 4 | 2 | |u https://www.bsz-bw.de/depot/media/3400000/3421000/3421308/94_0307.html |x Verlag |3 Rezension |7 1 |
| 856 | 4 | 2 | |u http://www.gbv.de/dms/hbz/toc/ht005027344.pdf |m V:DE-605 |q pdf/application |v 2008-11-15 |x Verlag |y Inhaltsverzeichnis |3 Inhaltsverzeichnis |7 1 |
| 856 | 4 | 2 | |u http://scans.hebis.de/HEBCGI/show.pl?02637510_toc.pdf |m V:DE-605 |q application/pdf |3 Inhaltsverzeichnis |7 1 |
| 889 | |w (DE-627)127969330 | ||
| 935 | |i mdedup | ||
| 935 | |i Blocktest | ||
| 936 | r | v | |a MG 11968 |b Minderheitenfragen |k Politologie |k Politische Systeme einzelner Länder |k Europa, Nordamerika |k Westeuropa, Mitteleuropa |k Allgemeines |k Föderalismus |k Minderheitenfragen |0 (DE-627)1271609959 |0 (DE-625)rvk/122817:12232 |0 (DE-576)201609959 |
| 936 | r | v | |a MG 10968 |b Minderheitenfragen |k Politologie |k Politische Systeme einzelner Länder |k Europa, Nordamerika |k Studien über mehrere Länder |k Föderalismus |k Minderheitenfragen |0 (DE-627)1270709267 |0 (DE-625)rvk/122815:12232 |0 (DE-576)200709267 |
| 936 | r | v | |a PO 2524 |b Grundlagen und Hilfswissenschaften zum sozialistischen Recht |k Rechtswissenschaft |k Recht sozialistischer und ehemals sozialistischer Staaten (Ostrecht) bis Erscheinungsjahr 1989 |k Mehrere Länder |k Grundlagen und Hilfswissenschaften zum sozialistischen Recht |0 (DE-627)1271526751 |0 (DE-625)rvk/138362:12257 |0 (DE-576)201526751 |
| 936 | r | v | |a MS 3300 |b Allgemeine Literatur |k Soziologie |k Spezielle Soziologien |k Soziologie der Minoritäten und Randgruppen |k Allgemeine Literatur |0 (DE-627)1270879677 |0 (DE-625)rvk/123679: |0 (DE-576)200879677 |
| 936 | b | k | |a 71.62 |j Ethnische Beziehungen |0 (DE-627)106410423 |
| 936 | f | i | |0 (DE-627)1756131384 |a RA |b Europa |k Europa |2 fivr |
| 936 | f | i | |0 (DE-627)1756135940 |a SG02.03 |b Nationalitäten/Minoritäten |k Gesellschaft |k Gesellschaftsentwicklung/Gesellschaftsstruktur |k Nationalitäten/Minoritäten |2 fivs |
| 936 | s | n | |a m100 |2 mzub |
| 936 | s | n | |a p100 |2 mzub |
| 936 | s | n | |a m200 |2 mzub |
| 938 | 1 | 0 | |0 (DE-627)1756204764 |0 (DE-615)6609917 |a Europa |2 fivt |
| 938 | 1 | 0 | |0 (DE-627)1756149720 |0 (DE-615)6603142 |a Nation |2 fivt |
| 938 | 1 | 0 | |0 (DE-627)1756153310 |0 (DE-615)6607555 |a Ethnische Bevölkerungsgruppe/Volksgruppe |2 fivt |
| 938 | 1 | 0 | |0 (DE-627)1756198071 |0 (DE-615)6600827 |a Minderheit |2 fivt |
| 938 | 1 | 0 | |0 (DE-627)1756186618 |0 (DE-615)6604682 |a Ethnischer Konflikt |2 fivt |
| 938 | 1 | 0 | |0 (DE-627)1756183716 |0 (DE-615)6608100 |a Ethnische Probleme/Nationalitätenprobleme |2 fivt |
| 938 | 1 | 0 | |0 (DE-627)1756227225 |0 (DE-615)6606251 |a Minderheitenpolitik |2 fivt |
| 938 | 1 | 0 | |0 (DE-627)1756210160 |0 (DE-615)6607282 |a Nationalitätenpolitik |2 fivt |
| 938 | 1 | 0 | |0 (DE-627)1756157715 |0 (DE-615)6604943 |a Nationale Identität |2 fivt |
| 938 | 1 | 0 | |0 (DE-627)1756188009 |0 (DE-615)6604463 |a Minderheitenschutz |2 fivt |
| 938 | 1 | 0 | |0 (DE-627)1756190704 |0 (DE-615)6607505 |a Geschichtlicher Überblick |2 fivt |
| 951 | |a BO | ||
| ELC | |b 1 | ||
| LOK | |0 000 xxxxxcx a22 zn 4500 | ||
| LOK | |0 001 3205765931 | ||
| LOK | |0 003 DE-627 | ||
| LOK | |0 004 273373862 | ||
| LOK | |0 005 20151116135618 | ||
| LOK | |0 008 150728||||||||||||||||ger||||||| | ||
| LOK | |0 035 |a (DE-21-110)kd16497 | ||
| LOK | |0 040 |a DE-21-110 |c DE-627 |d DE-21-110 | ||
| LOK | |0 689 |a s |a Minderheiten | ||
| LOK | |0 689 |a s |a Ethnische Konflikte | ||
| LOK | |0 852 |z Kein Bestand am IfK; Nachweis für KrimDok | ||
| LOK | |0 852 |a DE-21-110 | ||
| LOK | |0 852 1 |9 00 | ||
| LOK | |0 935 |a k110 | ||
| LOK | |0 939 |a 28-07-15 |b l01 | ||
| ORI | |a SA-MARC-krimdoka001.raw | ||
